Crisis y capitalización de la industria en Colombia / (Registro nro. 3702)
[ vista simple ]
| 000 -LEADER | |
|---|---|
| fixed length control field | 01111nam a2200265Ia 4500 |
| 003 - CONTROL NUMBER IDENTIFIER | |
| control field | OSt |
| 005 - DATE AND TIME OF LATEST TRANSACTION | |
| control field | 20201008142521.0 |
| 008 - FIXED-LENGTH DATA ELEMENTS--GENERAL INFORMATION | |
| fixed length control field | 191128s1996 ck gr 000 0 spa d |
| 040 ## - CATALOGING SOURCE | |
| Original cataloging agency | CO-JMCR |
| Transcribing agency | CO-JMCR |
| 041 0# - LANGUAGE CODE | |
| Language code of text/sound track or separate title | spa |
| 082 ## - DEWEY DECIMAL CLASSIFICATION NUMBER | |
| Item number | |
| 082 04 - DEWEY DECIMAL CLASSIFICATION NUMBER | |
| Classification number | 658.15 / |
| Item number | A949c |
| Edition number | 23 |
| 100 1# - MAIN ENTRY--PERSONAL NAME | |
| Personal name | Avella G, Mauricio |
| Relator term | Compilador |
| 9 (RLIN) | 11344 |
| 245 #0 - TITLE STATEMENT | |
| Title | Crisis y capitalización de la industria en Colombia / |
| Statement of responsibility, etc. | Mauricio Avella G., compilador |
| 250 ## - EDITION STATEMENT | |
| Edition statement | Primera edición |
| 260 ## - PUBLICATION, DISTRIBUTION, ETC. | |
| Place of publication, distribution, etc. | Bogotá : |
| Name of publisher, distributor, etc. | Centro de Investigaciones para el Desarrollo, |
| Date of publication, distribution, etc. | 1986. |
| 300 ## - PHYSICAL DESCRIPTION | |
| Extent | 134 Páginas ; |
| Dimensions | 23 cm. |
| 505 0# - FORMATTED CONTENTS NOTE | |
| Formatted contents note | La empresa y la universidad ante la opinión pública -- Indicadores del desempeño industrial: Elementos para estudiar la organización industrial en colombia -- Rentabilidad, eficiencia y estructura finaciera de la sociedad anonima |
| 650 24 - SUBJECT ADDED ENTRY--TOPICAL TERM | |
| Topical term or geographic name entry element | Administración financiera |
| Geographic subdivision | Colombia |
| 9 (RLIN) | 9618 |
| 650 24 - SUBJECT ADDED ENTRY--TOPICAL TERM | |
| Topical term or geographic name entry element | Congresos |
| General subdivision | conferencias |
| 9 (RLIN) | 7237 |
| 650 24 - SUBJECT ADDED ENTRY--TOPICAL TERM | |
| Topical term or geographic name entry element | Finanzas |
| Geographic subdivision | Colombia |
| 9 (RLIN) | 6833 |
| 650 24 - SUBJECT ADDED ENTRY--TOPICAL TERM | |
| Topical term or geographic name entry element | Dirección y administración |
| Geographic subdivision | Colombia |
| 9 (RLIN) | 11345 |
| 650 24 - SUBJECT ADDED ENTRY--TOPICAL TERM | |
| Topical term or geographic name entry element | Congresos |
| General subdivision | conferencias |
| Geographic subdivision | Colombia |
| 9 (RLIN) | 6834 |
| 942 ## - ADDED ENTRY ELEMENTS (KOHA) | |
| Source of classification or shelving scheme | Dewey Decimal Classification |
| Koha item type | Books |
| Withdrawn status | Lost status | Source of classification or shelving scheme | Materials specified (bound volume or other part) | Damaged status | Not for loan | Home library | Current library | Shelving location | Date acquired | Source of acquisition | Full call number | Barcode | Date last seen | Copy number | Price effective from | Koha item type |
|---|---|---|---|---|---|---|---|---|---|---|---|---|---|---|---|---|
| Dewey Decimal Classification | Donación--25/07/2018-- | Biblioteca Pública José María del Castillo y Rada | Biblioteca Pública José María del Castillo y Rada | General Stacks | 11/28/2019 | Donación | 658.15 / A949c | 201807688 | 05/16/2024 | Ej.1 | 11/28/2019 | Books |